000 01142nmm a2200349 a 4500
001 ocm0002146739
003 TR-IsHL
005 20201028183656.0
008 190411s2018 tu tur
007 cr cn
020 _a9786052812013
035 _a2146739
_b(N$T)
050 0 4 _aU21
_b.B57 2018
090 0 4 _aU21
_b.B57 2018
245 1 0 _aBirinci Dünya Savaşı odağında tarih boyunca savaş
_h[electronic resource] /
_ceditörler Metin Ünver, Mustafa Tanrıverdi
250 _a1. Baskı
260 _aİstanbul :
_bHiperlink Yayınları,
_c2018
300 _a505 p.
500 _aKaynakça bölüm sonlarındadır
650 4 _aAskeri Bilimler
650 4 _aMilitary Sciences
650 0 _aDünya Savaşı, 1914-1918
650 0 _aWorld War, 1914-1918
650 0 _aDünya politikası
650 0 _aWorld policy
650 0 _aSavaş (Felsefe)
650 0 _aWar (Philosophy)
650 7 _aHISTORY / Military / World War I
_2bisacsh
700 1 _aÜnver, Metin
700 1 _aTanrıverdi, Mustafa
856 4 0 _uhttp://search.ebscohost.com/login.aspx?direct=true&scope=site&db=e011xww&AN=2146739
999 _c20649
_d20649